| 000 | 00578cab a2200205 4500 | ||
|---|---|---|---|
| 001 | ABS42609 | ||
| 008 | 090401t1990 xxu||||| |||| 00| 0 eng d | ||
| 035 | _a(Sirsi) u37834 | ||
| 041 | _aeng | ||
| 100 | _aBishop, P. | ||
| 245 | _aCalming down | ||
| 260 | _c1990 | ||
| 350 | _a0 | ||
| 490 |
_aNew Civil Engineer _v(890) 5 April 1990, 24-25(2) |
||
| 520 | _aWith new road hump regulations just introduced, traffic calming strategies are investigated here. | ||
| 650 | _aPEDESTRIANISATION | ||
| 690 | _aTRANSPORT AND COMMUNICATIONS | ||
| 942 | _n0 | ||
| 948 | _c04/03/1997 | ||
| 999 |
_c24344 _d24344 |
||